The gift of anger : use passion to build not destroy /

Bibliographic Details
Main Author: Solmonese, Joe, (Author)
Format: eBook
Language:English
Published: Oakland, California : Berrett-Koehler Publishers, Inc, 2016.
Subjects:
Online Access:Click to View
LEADER 01620nam a2200409 i 4500
001 EBC4519093
003 MiAaPQ
005 20200520144314.0
006 m o d |
007 cr cnu||||||||
008 160826t20162016cau o 001 0 eng d
020 |z 9781626565883 
020 |a 9781626565906 (e-book) 
020 |z 9781626565890 (PDF) 
035 |a (MiAaPQ)EBC4519093 
035 |a (Au-PeEL)EBL4519093 
035 |a (CaPaEBR)ebr11247353 
035 |a (OCoLC)957125910 
040 |a MiAaPQ  |b eng  |e rda  |e pn  |c MiAaPQ  |d MiAaPQ 
050 4 |a BF575.A5  |b .S656 2016 
082 0 |a 152.47  |2 23 
100 1 |a Solmonese, Joe,  |e author. 
245 1 4 |a The gift of anger :  |b use passion to build not destroy /  |c Joe Solmonese. 
264 1 |a Oakland, California :  |b Berrett-Koehler Publishers, Inc,  |c 2016. 
264 4 |c 2016 
300 |a 1 online resource (104 pages) 
336 |a text  |2 rdacontent 
337 |a computer  |2 rdamedia 
338 |a online resource  |2 rdacarrier 
500 |a Includes index. 
588 |a Description based on print version record. 
590 |a Electronic reproduction. Ann Arbor, MI : ProQuest, 2016. Available via World Wide Web. Access may be limited to ProQuest affiliated libraries. 
650 0 |a Anger. 
655 4 |a Electronic books. 
776 0 8 |i Print version:  |a Solmonese, Joe.  |t Gift of anger : use passion to build not destroy.  |d Oakland, California : Berrett-Koehler Publishers, Inc, c2016   |h approximately 104 pages   |z 9781626565883   |w 2016021766 
797 2 |a ProQuest (Firm) 
856 4 0 |u https://ebookcentral.proquest.com/lib/matrademy/detail.action?docID=4519093  |z Click to View